000 00622nam a22002177a 4500
003 UA-OsUOA
001 104783
007 ta
008 20140129b un ||||| |||| 00| 0 ukr d
100 _aСичевський М.П.
090 _a330(477)
_bС41
942 _cSA
040 _aUA-OsUOA
_bukr
_cUA-OsUOA
_dUA-OsUOA
245 _aКомплексне дослідження внутрішнього ринку в сучасних умовах розвитку
300 _aС.77-81
955 _a0
041 _aukr
080 _a330(477)
773 0 _w104781
650 7 _a330 Економіка взагалі
_2UDC
999 _c390987
_d390987